| 000 | 00808nam a2200217Ia 4500 | ||
|---|---|---|---|
| 999 |
_c65680 _d65680 |
||
| 003 | GCL | ||
| 005 | 20240530110837.0 | ||
| 008 | 140319s1988 ua 000 0 ara d | ||
| 040 |
_aGCL / _cGCL |
||
| 082 | 0 | 4 |
_a956/ _bج و |
| 100 | 0 | _aجوزيف نسيم يوسف | |
| 245 | 1 | 2 |
_aالوحدة وحركات اليقظة العربية : _bابان العدوان الصليبى / _cجوزيف نسيم يوسف |
| 260 |
_aالقاهرة : _bمؤسسة الشباب الجامعية ، _c1988. |
||
| 300 |
_a93 ص ؛ _c24 سم |
||
| 490 | 0 | _aمكتبة التاريخ الوسيط | |
| 650 | 0 | 7 |
_aالعالم العربى _2qrmak |
| 650 | 0 | 7 |
_aالحروب الصليبية _2qrmak |
| 650 | 0 | 7 |
_aالتاريخ الاسلامى _2qrmak |
| 650 | 0 | 7 |
_aالوحدة العربية _2qrmak |
| 942 |
_2ddc _cBK |
||